|
|
|
|
| LEADER |
01079nam a2200277 u 4500 |
| 001 |
10015998 |
| 003 |
upatras |
| 005 |
20210117204929.0 |
| 008 |
881025s1996 us eng |
| 020 |
|
|
|a 1566900891
|
| 040 |
|
|
|a GR-PaULI
|c GR-PaULI
|
| 041 |
0 |
|
|a eng
|
| 082 |
0 |
4 |
|a 910.285
|
| 100 |
1 |
|
|a Hohl, Pat
|d 1961-
|9 15030
|
| 245 |
1 |
0 |
|a ArcView GIS exercise book
|c Pat Hohl and Brad Mayo
|
| 260 |
|
|
|a Santa Fe
|b Onword Press
|c 1996
|
| 300 |
|
|
|a xxxvi, 320 p.
|b fig.
|c 23 cm.
|e 1 disk
|
| 504 |
|
|
|a Includes index
|
| 650 |
|
4 |
|a Γεωγραφικά συστήματα πληροφοριών
|9 5542
|
| 650 |
|
4 |
|a Προγράμματα ηλεκτρονικών υπολογιστών
|x ArcView
|9 28454
|
| 700 |
1 |
|
|a Mayo, Brad
|9 136722
|
| 852 |
|
|
|a GR-PaULI
|b ΠΑΤΡΑ
|b ΑΡΧΙΤΕΚΤΟΝΙΚΗ
|k ΑΣΧΞ-2
|h 910.285 H
|m 32731
|p 025000118188
|t 1
|
| 942 |
|
|
|2 ddc
|c BK15
|
| 952 |
|
|
|0 0
|1 0
|4 0
|6 910_285000000000000_H
|7 0
|9 163423
|a ARCH
|b ARCH
|d 2016-04-24
|i 32731
|l 0
|o 910.285 H
|p 025000118188
|r 2016-04-24 00:00:00
|t 1
|w 2016-04-24
|y BK15
|
| 998 |
|
|
|c Λοτσάρη
|d 2003-02
|
| 999 |
|
|
|c 102515
|d 102515
|